=LDR 00000nam 2200000 4500 =001 000886 =005 20250712115439 =035 ##$$a 0010-0725000764 =007 ta =008 250712################a##########0#ind## =020 ##$$a 978-602-1101-52-0 =082 ##$$a 398.209 598 =084 ##$$a 398.209 598 SRI t =100 #$$a Sriwaty, Laba Jumidah =245 1#$$a Topi Jena /$c Laba Jumidah Sriwaty =260 ##$$a Bandung :$b Yayasan Litara,$c 2021 =300 ##$$a 24 hlm. : $b ilus. ; $c 29,7 cm =856 ##$$a TBM As Suhada =990 ##$$a TBM202400690